[Event "ITA-ch Seniors 35th"]
[Site "Arco"]
[Date "2013.04.19"]
[Round "8"]
[White "Garvani, Vittorio"]
[Black "Maddaloni, Giovanni"]
[Result "1-0"]
[WhiteElo "1898"]
[BlackElo "1713"]
[PlyCount "55"]
[EventDate "2013.04.12"]
[EventType "swiss"]
[EventRounds "9"]
[EventCountry "ITA"]
[SourceTitle "CBM 154 Extra"]
[Source "ChessBase"]
[SourceDate "2013.06.25"]
[SourceVersion "2"]
[SourceVersionDate "2013.06.25"]
[SourceQuality "1"]

1. d4 Nf6 2. Nf3 g6 3. e3 Bg7 4. Bd3 d5 5. Nbd2 Nc6 6. c3 0-0 7. 0-0 Ng4 8. e4 dxe4 9. Nxe4 f5 10. Qb3+ e6 11. Nc5 Qf6 12. Bg5 Qf7 13. Rfe1 Re8 14. h3 h6 15. Bd2 Nf6 16. Re2 Kh7 17. Rae1 Nd5 18. c4 Nb6 19. d5 Nd4 20. Nxd4 Bxd4 21. Nxe6 Bxe6 22. Rxe6 Rxe6 23. Rxe6 a5 24. Bc3 Bxc3 25. Qxc3 Nd7 26. Qe1 Kg8 27. Re7 Qf8 28. Qe6+ 1-0

[Event "ITA-ch Seniors 35th"]
[Site "Arco"]
[Date "2013.04.18"]
[Round "7"]
[White "Jasnig, Stelio"]
[Black "Garvani, Vittorio"]
[Result "1-0"]
[WhiteElo "1989"]
[BlackElo "1898"]
[PlyCount "179"]
[EventDate "2013.04.12"]
[EventType "swiss"]
[EventRounds "9"]
[EventCountry "ITA"]
[SourceTitle "CBM 154 Extra"]
[Source "ChessBase"]
[SourceDate "2013.06.25"]
[SourceVersion "2"]
[SourceVersionDate "2013.06.25"]
[SourceQuality "1"]

1. Nf3 g6 2. g3 Bg7 3. Bg2 c6 4. d4 d5 5. 0-0 Nf6 6. c3 0-0 7. Nbd2 Bg4 8. h3 Bxf3 9. Nxf3 Nbd7 10. Re1 Re8 11. Bf4 Nh5 12. Bd2 e5 13. dxe5 Nxe5 14. Nxe5 Bxe5 15. e4 dxe4 16. Rxe4 Bg7 17. Rxe8+ Qxe8 18. Be3 Nxg3 19. Qb3 Nf5 20. Bc5 b6 21. Ba3 Nh4 22. Bh1 Rc8 23. Qc4 Nf5 24. Bf3 c5 25. Bg4 Rd8 26. Bxf5 gxf5 27. Qf1 Rd6 28. Re1 Rg6+ 29. Kh1 Qc6+ 30. f3 Rg3 31. Re3 f4 32. Rd3 h6 33. b3 b5 34. Bc1 Be5 35. Kh2 c4 36. bxc4 bxc4 37. Rd8+ Kg7 38. Qe2 Qf6 39. Re8 Bxc3 40. Qe4 Bd4 41. Bxf4 Bg1+ 42. Kh1 Rxh3+ 43. Kxg1 Qa1+ 44. Kf2 Qxa2+ 45. Qe2 Qxe2+ 46. Kxe2 Rh5 47. Rc8 Ra5 48. Rxc4 h5 49. Bd2 Ra2 50. Ke3 Kg6 51. Bc3 Ra6 52. Kf4 Re6 53. Rc5 Ra6 54. Rg5+ Kh6 55. Ra5 Rc6 56. Bd2 a6 57. Kg3+ Kg6 58. Rg5+ Kf6 59. Rxh5 Ke7 60. f4 Rc2 61. Bb4+ Kd7 62. Ra5 Rc6 63. Kg4 Rg6+ 64. Kf5 Rh6 65. Bc3 Rc6 66. Bf6 Rb6 67. Re5 Kd6 68. Ra5 Kd7 69. Be5 Rh6 70. Bc3 Kc7 71. Ke4 Re6+ 72. Kf5 Rh6 73. Re5 Kd7 74. Bb4 Rb6 75. Ba3 Rb3 76. Bf8 Rb6 77. Bg7 Rb7 78. Bf6 Kd6 79. Ra5 Rb6 80. Kg5 Kd7 81. f5 Rc6 82. Re5 Rc2 83. Re7+ Kc6 84. Rxf7 Rg2+ 85. Kh6 a5 86. Bg5 a4 87. Ra7 Kb5 88. f6 Kb4 89. f7 Rf2 90. Kg7 1-0

[Event "ITA-ch Seniors 35th"]
[Site "Arco"]
[Date "2013.04.15"]
[Round "4"]
[White "Blasco, Domenico"]
[Black "Garvani, Vittorio"]
[Result "0-1"]
[WhiteElo "1933"]
[BlackElo "1898"]
[PlyCount "146"]
[EventDate "2013.04.12"]
[EventType "swiss"]
[EventRounds "9"]
[EventCountry "ITA"]
[SourceTitle "CBM 154 Extra"]
[Source "ChessBase"]
[SourceDate "2013.06.25"]
[SourceVersion "2"]
[SourceVersionDate "2013.06.25"]
[SourceQuality "1"]

1. d4 Nf6 2. Nf3 g6 3. Nc3 Bg7 4. e4 d6 5. Be3 0-0 6. Qd2 c6 7. Bh6 b5 8. Bxg7 Kxg7 9. Bd3 Bg4 10. Qf4 Bxf3 11. Qxf3 Nbd7 12. Ne2 Rc8 13. 0-0 a6 14. a4 Qb6 15. axb5 axb5 16. Qe3 Ra8 17. Kh1 c5 18. e5 Nd5 19. Qe4 Rxa1 20. Rxa1 e6 21. c4 bxc4 22. Bxc4 dxe5 23. dxe5 Qxb2 24. Rb1 Qxe5 25. Ng3 Qxe4 26. Nxe4 N5f6 27. Ng5 h6 28. Nf3 Rb8 29. Rxb8 Nxb8 30. Kg1 Nbd7 31. Kf1 Ng4 32. Bb5 Nge5 33. Nd2 Nb6 34. Ke2 f5 35. f4 Nf7 36. Kd3 Nd6 37. Ba6 Kf6 38. Nf3 g5 39. g3 g4 40. Ne5 Nf7 41. Nc4 Nd5 42. Bb7 Ke7 43. Ne5 Nxe5+ 44. fxe5 Nb6 45. Ke3 Nd7 46. Kf4 c4 47. Bc6 c3 48. Ba4 Kd8 49. Bb3 Nc5 50. Bc2 Kc7 51. Ke3 Kc6 52. Kd4 Ne4 53. Ba4+ Kc7 54. Bc2 Ng5 55. Kxc3 Kc6 56. Kc4 Nf3 57. Ba4+ Kc7 58. Bd1 Nxe5+ 59. Kd4 Kd6 60. Ke3 Nf3 61. Bxf3 gxf3 62. Kxf3 e5 63. Ke3 Kd5 64. Kd3 e4+ 65. Ke3 Ke5 66. Ke2 Kd4 67. Kd2 e3+ 68. Ke2 Ke4 69. h3 h5 70. h4 Kd4 71. Ke1 Kd3 72. Kd1 Kd4 73. Ke2 Ke5 0-1

[Event "ITA-ch Seniors 35th"]
[Site "Arco"]
[Date "2013.04.14"]
[Round "3"]
[White "Garvani, Vittorio"]
[Black "Bonfa, Ileano"]
[Result "1/2-1/2"]
[WhiteElo "1898"]
[BlackElo "2171"]
[PlyCount "108"]
[EventDate "2013.04.12"]
[EventType "swiss"]
[EventRounds "9"]
[EventCountry "ITA"]
[SourceTitle "CBM 154 Extra"]
[Source "ChessBase"]
[SourceDate "2013.06.25"]
[SourceVersion "2"]
[SourceVersionDate "2013.06.25"]
[SourceQuality "1"]

1. d4 Nf6 2. Nf3 g6 3. e3 Bg7 4. Bd3 0-0 5. 0-0 d6 6. Nbd2 c5 7. c3 Nc6 8. dxc5 dxc5 9. Ne4 Qb6 10. Nxf6+ Bxf6 11. h3 Rd8 12. Qe2 Qc7 13. e4 a6 14. a4 Be6 15. Re1 Ne5 16. Bf4 Nxf3+ 17. Qxf3 Be5 18. Bxe5 Qxe5 19. Qe2 Rd7 20. Bc2 Rad8 21. Rad1 Qg5 22. Rxd7 Rxd7 23. Rd1 Bxh3 24. f3 Rxd1+ 25. Bxd1 Be6 26. b4 Qc1 27. Qc2 Qe3+ 28. Kh2 h5 29. bxc5 Qxc5 30. Qd3 Qe5+ 31. Kg1 Kh7 32. Qd4 Qf4 33. e5 Qxd4+ 34. cxd4 a5 35. Kf2 f6 36. f4 fxe5 37. fxe5 Kg7 38. Ke3 Bd5 39. g3 Kh6 40. Bf3 Bxf3 41. Kxf3 e6 42. Ke4 g5 43. d5 exd5+ 44. Kxd5 h4 45. gxh4 gxh4 46. e6 h3 47. e7 h2 48. e8Q h1Q+ 49. Qe4 Qxe4+ 50. Kxe4 Kg6 51. Kd5 Kf5 52. Kc5 Ke5 53. Kb6 Kd5 54. Kxa5 Kc5 1/2-1/2

[Event "ITA-ch Seniors 35th"]
[Site "Arco"]
[Date "2013.04.13"]
[Round "2"]
[White "Laco, Giuseppe"]
[Black "Garvani, Vittorio"]
[Result "1/2-1/2"]
[WhiteElo "2073"]
[BlackElo "1898"]
[PlyCount "78"]
[EventDate "2013.04.12"]
[EventType "swiss"]
[EventRounds "9"]
[EventCountry "ITA"]
[SourceTitle "CBM 154 Extra"]
[Source "ChessBase"]
[SourceDate "2013.06.25"]
[SourceVersion "2"]
[SourceVersionDate "2013.06.25"]
[SourceQuality "1"]

1. Nf3 d5 2. g3 c6 3. d4 e6 4. Bg2 f5 5. Nbd2 Nf6 6. c4 Bd6 7. a3 0-0 8. c5 Bc7 9. b4 Nbd7 10. Bb2 Ne4 11. Ne5 Ndf6 12. f3 Nxd2 13. Qxd2 Kh8 14. Qg5 Bxe5 15. dxe5 Ng8 16. Qd2 Bd7 17. Bd4 Be8 18. h4 Rc8 19. h5 Rc7 20. Be3 Rd7 21. 0-0-0 b5 22. Kb2 a5 23. Qd4 Ra7 24. g4 axb4 25. axb4 Qa8 26. Ra1 fxg4 27. Rxa7 Qxa7 28. fxg4 g6 29. Bg5 gxh5 30. Bf6+ Nxf6 31. exf6 Qf7 32. Rf1 Rg8 33. g5 Rxg5 34. Bh3 e5 35. Qe3 h6 36. Rf5 Rxf5 37. Qxh6+ Qh7 38. Qf8+ Qg8 39. Qh6+ Qh7 1/2-1/2

[Event "Arco op 34th"]
[Site "Arco"]
[Date "2012.10.13"]
[Round "1"]
[White "Kveinys, Aloyzas"]
[Black "Garvani, Vittorio"]
[Result "1-0"]
[WhiteElo "2526"]
[BlackElo "1904"]
[PlyCount "59"]
[EventDate "2012.10.13"]
[EventType "swiss"]
[EventRounds "9"]
[EventCountry "ITA"]
[SourceTitle "EXT 2013"]
[Source "ChessBase"]
[SourceDate "2012.11.22"]
[SourceVersion "1"]
[SourceVersionDate "2012.11.22"]
[SourceQuality "1"]

1. d4 Nf6 2. Nf3 c5 3. d5 d6 4. Nc3 g6 5. h3 Bg7 6. e4 0-0 7. a4 Nbd7 8. Bc4 Ne8 9. 0-0 Ne5 10. Nxe5 Bxe5 11. Bd2 f5 12. exf5 Bxf5 13. Qe2 Nf6 14. f4 Bd4+ 15. Kh2 Bxc3 16. Bxc3 Rf7 17. g4 Bd7 18. b3 a6 19. a5 Qf8 20. Rae1 Re8 21. Qg2 Qg7 22. g5 Ng4+ 23. Qxg4 Qxc3 24. Qxd7 Ref8 25. Qe6 Kg7 26. Re2 Rxf4 27. Rxf4 Rxf4 28. Qxe7+ Rf7 29. Qxd6 Qf3 30. Qe5+ 1-0

[Event "Donoratico op-A"]
[Site "Donoratico"]
[Date "2011.04.30"]
[Round "2"]
[White "Garvani, Vittorio"]
[Black "Capitelli, Paolo"]
[Result "0-1"]
[WhiteElo "1907"]
[BlackElo "2130"]
[PlyCount "86"]
[EventDate "2011.04.29"]
[EventType "swiss"]
[EventRounds "5"]
[EventCountry "ITA"]
[SourceTitle "EXT 2015"]
[Source "ChessBase"]
[SourceDate "2014.11.20"]
[SourceVersion "1"]
[SourceVersionDate "2014.11.20"]
[SourceQuality "1"]

1. Nf3 Nf6 2. g3 g6 3. Bg2 Bg7 4. 0-0 d6 5. d3 0-0 6. Nbd2 Nc6 7. h3 e5 8. c3 h6 9. e4 Nh5 10. Re1 Be6 11. Kh2 f5 12. Nh4 Nf4 13. Nb3 Nxg2 14. Kxg2 Qf6 15. Rf1 fxe4 16. dxe4 Bc4 17. Be3 Bxf1+ 18. Kxf1 Ne7 19. c4 Qe6 20. Qg4 Qxc4+ 21. Kg1 Qf7 22. Rc1 g5 23. Ng2 Ng6 24. h4 gxh4 25. Nxh4 Nxh4 26. gxh4 h5 27. Qg5 c6 28. Kh2 Rae8 29. Rg1 d5 30. Bc5 Qf4+ 31. Rg3 Qxg5 32. Rxg5 Rf4 33. Rxh5 Rxe4 34. Kg3 b6 35. Be3 d4 36. Bd2 Re2 37. Rg5 Rf8 38. f3 c5 39. h5 Kh7 40. h6 Bxh6 41. Rh5 Rg8+ 42. Kh3 Rg6 43. Bc1 Kg7 0-1

[Event "Donoratico op-A"]
[Site "Donoratico"]
[Date "2011.04.29"]
[Round "1"]
[White "Fargnoli, Maurizio"]
[Black "Garvani, Vittorio"]
[Result "0-1"]
[WhiteElo "1694"]
[BlackElo "1907"]
[PlyCount "126"]
[EventDate "2011.04.29"]
[EventType "swiss"]
[EventRounds "5"]
[EventCountry "ITA"]
[SourceTitle "EXT 2015"]
[Source "ChessBase"]
[SourceDate "2014.11.20"]
[SourceVersion "1"]
[SourceVersionDate "2014.11.20"]
[SourceQuality "1"]

1. c4 Nf6 2. Nc3 g6 3. g3 Bg7 4. Bg2 0-0 5. Nf3 d6 6. d4 c6 7. 0-0 Qc7 8. e4 e5 9. Be3 Ng4 10. Qd2 Nd7 11. Rad1 Nxe3 12. Qxe3 exd4 13. Nxd4 Re8 14. f4 Nb6 15. b3 Bg4 16. Nf3 Rad8 17. Rde1 d5 18. cxd5 cxd5 19. Nb5 Qd7 20. Qc5 Bxf3 21. Bxf3 Bf8 22. Qc2 Qxb5 23. e5 Qc5+ 24. Rf2 Rc8 25. Qd1 Rc7 26. Kg2 d4 27. Rd2 Nd5 28. Rxd4 Qc2+ 29. Rd2 Qxd1 30. Rdxd1 Rc2+ 31. Kh3 Nb6 32. a4 Rc3 33. Bxb7 Bh6 34. a5 Nc8 35. Rd7 Bxf4 36. e6 fxe6 37. Bd5 Re3 38. Bxe6+ R8xe6 39. Rxe3 Bxe3 40. Rd8+ Kf7 41. Rxc8 h5 42. g4 hxg4+ 43. Kxg4 g5 44. Rc4 Rd6 45. Kf5 Bg1 46. Rc7+ Ke8 47. Kxg5 Rd5+ 48. Kf6 Rxa5 49. Rh7 Rb5 50. Rh3 Kd7 51. Rd3+ Kc7 52. Rc3+ Kb6 53. Kg6 Ka5 54. h4 Kb4 55. Rg3 Bf2 56. Rg4+ Kxb3 57. h5 Rb4 58. Rg5 Ka4 59. Rf5 Bd4 60. h6 a5 61. Rf8 Rb6+ 62. Kh7 Be3 63. Rh8 Rxh6+ 0-1

[Event "Wch Seniors 20th"]
[Site "Arco"]
[Date "2010.11.01"]
[Round "6"]
[White "Blaeser, Romain"]
[Black "Garvani, Vittorio"]
[Result "1-0"]
[WhiteElo "2116"]
[BlackElo "1940"]
[PlyCount "83"]
[EventDate "2010.10.26"]
[EventType "swiss"]
[EventRounds "11"]
[EventCountry "ITA"]
[SourceTitle "EXT 2011"]
[Source "ChessBase"]
[SourceDate "2010.11.26"]
[SourceVersion "1"]
[SourceVersionDate "2010.11.26"]
[SourceQuality "1"]

1. Nf3 c5 2. g3 Nc6 3. Bg2 e5 4. d3 d5 5. Nbd2 Nf6 6. e4 Bg4 7. a4 dxe4 8. dxe4 Be7 9. h3 Be6 10. Ng5 Qd7 11. c3 Rd8 12. Qe2 0-0 13. Nxe6 Qxe6 14. 0-0 Rfe8 15. Nc4 Bf8 16. Bg5 h6 17. Bd2 Kh7 18. Rae1 a6 19. a5 Qc8 20. Kh2 Bd6 21. Nb6 Qb8 22. Ra1 Bc7 23. Nc4 Re7 24. h4 Rg8 25. Qf3 Rd8 26. Qf5+ Kg8 27. Bxh6 gxh6 28. Qxf6 Re6 29. Qf3 Rg6 30. Bh3 Ne7 31. Rad1 Kg7 32. Rxd8 Bxd8 33. Bf5 Rf6 34. g4 Ng6 35. g5 hxg5 36. hxg5 Rc6 37. Qh5 Kf8 38. Rd1 Rc7 39. Bxg6 fxg6 40. Qh8+ Ke7 41. Qg7+ Ke8 42. Nd6# 1-0

[Event "Arco op 32nd"]
[Site "Arco"]
[Date "2010.10.19"]
[Round "4"]
[White "Garvani, Vittorio"]
[Black "Valenti, Giuseppe"]
[Result "0-1"]
[WhiteElo "1940"]
[BlackElo "2162"]
[PlyCount "106"]
[EventDate "2010.10.16"]
[EventType "swiss"]
[EventRounds "9"]
[EventCountry "ITA"]
[SourceTitle "CBM 138 Extra"]
[Source "ChessBase"]
[SourceDate "2010.10.29"]
[SourceVersion "1"]
[SourceVersionDate "2010.10.29"]
[SourceQuality "1"]

1. d4 Nf6 2. c4 e6 3. Nc3 c5 4. d5 exd5 5. cxd5 d6 6. e4 g6 7. Bb5+ Nfd7 8. a4 Bg7 9. Nge2 0-0 10. 0-0 a6 11. Bd3 Ne5 12. Bc2 Nbd7 13. Ng3 Nf6 14. Re1 Re8 15. Bg5 h6 16. Bc1 Rb8 17. Qe2 c4 18. h3 b5 19. axb5 axb5 20. Qd1 h5 21. Bg5 Qc7 22. Nce2 Nh7 23. Be3 h4 24. Ra7 Qd8 25. Nf1 g5 26. f4 gxf4 27. Nxf4 Nf6 28. Nh5 Nxh5 29. Qxh5 Qf6 30. Nh2 Qg6 31. Qxh4 Bf6 32. Qh6 Qxh6 33. Bxh6 Nd3 34. Bxd3 Bd4+ 35. Be3 Bxa7 36. Bxa7 Rb7 37. Bxc4 bxc4 38. Bd4 f5 39. e5 dxe5 40. Rxe5 Rxe5 41. Bxe5 Rb5 42. Bc3 Rxd5 43. Kf2 Bb7 44. g4 f4 45. h4 Rd3 46. g5 Rh3 47. Ng4 Rxh4 48. Ne5 Rh2+ 49. Ke1 f3 50. g6 Be4 51. Bd4 Re2+ 52. Kd1 Bc2+ 53. Kc1 f2 0-1

[Event "ITA-ch Seniors 31st"]
[Site "Arvier"]
[Date "2009.05.01"]
[Round "8"]
[White "Garvani, Vittorio"]
[Black "Centofante, Maria Rosa"]
[Result "1-0"]
[WhiteElo "1971"]
[BlackElo "1603"]
[PlyCount "143"]
[EventDate "2009.04.24"]
[EventType "swiss"]
[EventRounds "9"]
[EventCountry "ITA"]
[SourceTitle "EXT 2011"]
[Source "ChessBase"]
[SourceDate "2010.11.26"]
[SourceVersion "1"]
[SourceVersionDate "2010.11.26"]
[SourceQuality "1"]

1. d4 Nf6 2. Nf3 c6 3. Bg5 Ne4 4. Bh4 d5 5. e3 Bg4 6. Be2 Qa5+ 7. c3 Nd7 8. 0-0 e6 9. Nbd2 Ndf6 10. Ne5 Bxe2 11. Qxe2 Bd6 12. f4 Qc7 13. Ndf3 h6 14. Rac1 0-0 15. h3 Nh7 16. g4 Be7 17. Bxe7 Qxe7 18. Kh2 g5 19. Nd2 Nxd2 20. Qxd2 Qd6 21. Rf3 f5 22. Rg1 Rf6 23. gxf5 Rxf5 24. h4 Kf8 25. Rfg3 Nf6 26. Qg2 Ne4 27. Rf3 Ke7 28. Qg4 Rg8 29. fxg5 Rxf3 30. Qxf3 Rf8 31. Qh5 hxg5 32. hxg5 Kd8 33. Qh7 Qc7 34. g6 Nf6 35. Qxc7+ Kxc7 36. g7 Rg8 37. Rg6 Ne8 38. Rxe6 Nxg7 39. Re7+ Kc8 40. Nf7 Nf5 41. Re5 Nh4 42. Kh3 Nf3 43. Re7 Ng5+ 44. Nxg5 Rxg5 45. Kh2 Kb8 46. e4 dxe4 47. Rxe4 Kc7 48. Re3 Kd6 49. Rg3 Rf5 50. Kg2 Rf7 51. Rf3 Rg7+ 52. Kf2 Kd5 53. Ke2 Rg2+ 54. Rf2 Rg7 55. Rf5+ Kd6 56. Rf2 Kd5 57. Kd2 c5 58. Rf5+ Kc6 59. Rxc5+ Kd6 60. Kc2 b6 61. Rh5 a5 62. a3 Rg2+ 63. Kb3 Rd2 64. a4 Kc6 65. Rh6+ Kc7 66. Rh1 Kc6 67. Rc1 Kd5 68. Rc2 Rd3 69. Rh2 Kd6 70. Kc4 Rf3 71. Kb5 Rf5+ 72. Kxb6 1-0

[Event "Salsomaggiore Terme op"]
[Site "Salsomaggiore Terme"]
[Date "2006.05.12"]
[Round "2"]
[White "Sanzani, Pierluigi"]
[Black "Garvani, Vittorio"]
[Result "1-0"]
[WhiteElo "1895"]
[BlackElo "1997"]
[PlyCount "63"]
[EventDate "2006.05.12"]
[EventType "swiss"]
[EventRounds "6"]
[EventCountry "ITA"]
[SourceTitle "EXT 2007"]
[Source "ChessBase"]
[SourceDate "2006.11.23"]
[SourceVersion "1"]
[SourceVersionDate "2006.11.23"]
[SourceQuality "1"]

1. e4 e5 2. Nf3 Nc6 3. d4 exd4 4. Nxd4 Nf6 5. Nxc6 bxc6 6. e5 Nd5 7. Bc4 Nb6 8. Bd3 g6 9. 0-0 Bg7 10. f4 Qe7 11. Nc3 a5 12. Kh1 h5 13. Bd2 Ba6 14. Qf3 Bb7 15. Rae1 h4 16. h3 0-0-0 17. Qf2 Rde8 18. Ne4 Qd8 19. Bxa5 Bh6 20. Bxb6 cxb6 21. Nd6+ Kc7 22. Nxe8+ Qxe8 23. Qd4 Bf8 24. e6 Bb4 25. exf7 Qxf7 26. Qxb4 c5 27. Qd2 Re8 28. Rxe8 Qxe8 29. Qe2 Qc8 30. Bxg6 d6 31. Qe7+ Kc6 32. Qe8+ 1-0